Pays limitrophes des Pays commençant par les lettres P et Q - Statistiques

Statistiques générales
  • Ce quiz a été pris 341 fois
  • Le résultat moyen est 21 sur 22
Statistiques - réponses
Réponse % Correct
Allemagne
100%
Espagne
100%
Belgique
99%
Bolivie
99%
Brésil
99%
Arabie Saoudite
98%
Argentine
98%
Chili
98%
Colombie
98%
Equateur
98%
Inde
96%
Lituanie
96%
Costa Rica
95%
République Tchèque
95%
Biélorussie
94%
Russie
94%
Slovaquie
94%
Afghanistan
93%
Indonésie
93%
Iran
90%
Ukraine
89%
Chine
84%
Aucun quiz correspondant
Distribution des résultats
% des personnes avec chaque résultat
Percentile par nombre de réponses
Votre historique - résultats
Vous n’avez pas pris ce quiz